Polscy piłkarze w finale ligi mistrzów - Statystyki

Ogólne statystyki
  • Ten quiz został rozwiązany 82 razy
  • Średni wynik to 7 z 11
Statystyki odpowiedzi
ODPOWIEDŹ: % Poprawnych
Robert Lewandowski
100%
Jerzy Dudek
90%
Jakub Błaszczykowski
87%
Łukasz Piszczek
87%
Zbigniew Boniek
74%
Piotr Zieliński
64%
Tomasz Kuszczak
63%
Nicola Zalewski
54%
Józef Młynarczyk
51%
Marcin Bułka
23%
Marcel Lotka
9%
Nie znaleziono quizów pasujących do podanych kryteriów
Rozkład punktacji
Procent ludzi z każdym wynikiem
Percentyl według liczby udzielonych odpowiedzi
Twoja historia wyników
Nie rozwiązałeś tego quizu